UM Logo
Normal view MARC view
  • Felipe, Cecille Suerte.

Entry Personal Name

Number of records used in: 1

001 - CONTROL NUMBER

  • control field: 46706

003 - CONTROL NUMBER IDENTIFIER

  • control field: OSt

005 - DATE AND TIME OF LATEST TRANSACTION

  • control field: 20221108144415.0

008 - FIXED-LENGTH DATA ELEMENTS

  • fixed length control field: 221108|| aca||aabn | a|a d

040 ## - CATALOGING SOURCE

  • Original cataloging agency: OSt
  • Transcribing agency: OSt

100 ## - HEADING--PERSONAL NAME

  • Personal name: Felipe, Cecille Suerte.

670 ## - SOURCE DATA FOUND

  • Source citation: Work cat.: (OSt): Felipe, Cecille Suerte., ROTC in HS to help in calamity response /, February 6, 2020.